Winter Woman. - RAYE (Lyrics) - Statistics

General Stats
  • This quiz has been taken 5 times
  • The average score is 215 of 467
Answer Stats
Answer % Correct
a
100%
A
100%
a-
100%
An
100%
an
100%
he
100%
He
100%
I
100%
me,
100%
me
100%
of
100%
the
100%
to
100%
winter
100%
woman
100%
baby
75%
Baby,
75%
be
75%
beautiful
75%
coats
75%
cry
75%
dress
75%
fake-
75%
fur
75%
girl
75%
Go
75%
her
75%
Her
75%
I'm
75%
in
75%
In
75%
Picture
75%
Queen
75%
rain
75%
sad
75%
silhouette
75%
so
75%
summer
75%
take
75%
will
75%
Alice
50%
alone,
50%
alone
50%
am
50%
And
50%
and
50%
bar
50%
by
50%
by,
50%
can
50%
cigarettes
50%
Cold
50%
cold
50%
come
50%
crying
50%
Crying
50%
day
50%
days
50%
Don't
50%
don't
50%
for
50%
girls
50%
goes
50%
heart
50%
Hearts
50%
his
50%
home
50%
I'll
50%
it
50%
July,
50%
Life
50%
life
50%
Life,
50%
middle
50%
mistake
50%
my
50%
no
50%
No
50%
on,
50%
on
50%
On
50%
pull
50%
Pull
50%
She
50%
she
50%
story
50%
stranger's
50%
that
50%
then,
50%
then
50%
this
50%
up
50%
wear
50%
you
50%
are
25%
around
25%
As
25%
at
25%
away
25%
become
25%
blue,
25%
blue
25%
bottle
25%
buy
25%
car
25%
chest
25%
confessions
25%
die
25%
floor-
25%
fun
25%
get
25%
gets
25%
Give
25%
grave
25%
green
25%
had
25%
Have
25%
have
25%
hunt
25%
hurts
25%
I'd
25%
inside
25%
is
25%
just
25%
know
25%
length
25%
made
25%
money,
25%
more
25%
much
25%
name
25%
need
25%
Now
25%
one
25%
Only
25%
or
25%
pack
25%
petrol
25%
please,
25%
pray
25%
read
25%
red
25%
see
25%
sob
25%
standing
25%
station,
25%
taxi
25%
text
25%
Until
25%
waist
25%
wait
25%
warmer
25%
with
25%
won't
25%
Your
25%
another
0%
arctic
0%
arms,
0%
bitch,
0%
blows
0%
breeze
0%
but
0%
call
0%
castle
0%
comes
0%
crimson
0%
dance
0%
dresses
0%
Exec
0%
far
0%
feeling
0%
forget
0%
friend
0%
from
0%
gin
0%
going
0%
hair
0%
hides
0%
hill
0%
into
0%
keep
0%
large
0%
learned
0%
left
0%
lessons
0%
like
0%
little
0%
live
0%
love
0%
make
0%
Maybe
0%
meeting
0%
motion,
0%
myself
0%
night
0%
numb
0%
oath
0%
out,
0%
out
0%
paragraph
0%
perfect
0%
plans
0%
presses
0%
private
0%
punch
0%
pushing,
0%
rebrand
0%
Regret
0%
remind
0%
roses,
0%
sadness
0%
scars
0%
seems
0%
send
0%
she'll
0%
silk
0%
slow
0%
soon
0%
sucker
0%
suppression
0%
them
0%
There'll
0%
think
0%
thought
0%
tiny
0%
Uber
0%
under
0%
violets
0%
vows
0%
walk
0%
walking
0%
watch
0%
Watching
0%
west
0%
where
0%
wind,
0%
wish
0%
word
0%
wrapped
0%
Yeah,
0%
you'll
0%
No matching quizzes found
Score Distribution
Percent of People with Each Score
Percentile by Number Answered
Your Score History
You have not taken this quiz